| 000 | 00518nam a2200217Ia 4500 | ||
|---|---|---|---|
| 005 | 20250425161013.0 | ||
| 008 | 250425s9999 xx 000 0 und d | ||
| 041 | _aspa | ||
| 082 | _a918.66031 | ||
| 100 | _aPORRAS G., PEDRO I. | ||
| 245 | 0 | _aECUADOR PREHISTORICO | |
| 250 | _a2A ED. | ||
| 260 |
_aEcuador _bINSTITUTO GEOGRAFICO MILITAR _c1976 |
||
| 260 | _aQUITO | ||
| 300 | _a297 | ||
| 650 | _aECUADOR | ||
| 650 | _aPERIODO FORMATIVO | ||
| 650 | _aPERIODO PRECERAMICO | ||
| 942 | _c01 | ||
| 010 | _a10377 | ||
| 999 |
_c200491 _d200491 |
||